00731nam a2200241 a 4500001001300000003000900013005001700022008004100039020002300080082001500103100001800118245008100136260003300217300000900250500003500259505001000294650001800304650001900322902000800341942000700349952011600356999001700472nice12345678IN_TiNIC20260116013213.0050524s1995 newa grp 000 0 eng  a1570759 c63700a261.8bSTR aStroupe, Nibs aWhile We Run This Raceb Confronting the Power of Racism in a Southern Churc aNew YorkbOrbis Books c1995 a174p aincludes index and biblioraphy2 aIndex aChurch-Racism aRacism-America bSRS cBK 001040708StackRoom-aHMIbHMId2007-07-10g637.00l0o261.8 STRp017146r2007-07-10v637.00w2005-05-24yBK c10097d10097